<?xml version="1.0" encoding="UTF-8"?>
<record
    xmlns:xsi="http://www.w3.org/2001/XMLSchema-instance"
    xsi:schemaLocation="http://www.loc.gov/MARC21/slim http://www.loc.gov/standards/marcxml/schema/MARC21slim.xsd"
    xmlns="http://www.loc.gov/MARC21/slim">

  <leader>01013nam a2200241 a 4500</leader>
  <controlfield tag="001">000048480</controlfield>
  <controlfield tag="003">DO-SdBNP</controlfield>
  <controlfield tag="005">20230203144028.0</controlfield>
  <controlfield tag="007">ta</controlfield>
  <controlfield tag="008">190322e2009    dr     fr     000 0 spa d</controlfield>
  <datafield tag="040" ind1=" " ind2=" ">
    <subfield code="a">DO-SdBNP</subfield>
    <subfield code="b">spa</subfield>
    <subfield code="c">BNPHU</subfield>
  </datafield>
  <datafield tag="082" ind1=" " ind2="4">
    <subfield code="a">001.42</subfield>
    <subfield code="b">C749q</subfield>
    <subfield code="2">22</subfield>
  </datafield>
  <datafield tag="111" ind1="2" ind2=" ">
    <subfield code="a">Congreso Interdisciplinario de Investigaci&#xF3;n Cient&#xED;fica.</subfield>
    <subfield code="n">(5 :</subfield>
    <subfield code="d">2009 :</subfield>
    <subfield code="c">Santo Domingo )</subfield>
    <subfield code="9">75900</subfield>
  </datafield>
  <datafield tag="245" ind1="1" ind2="0">
    <subfield code="a">V congreso interdisciplinario de investigaci&#xF3;n cient&#xED;fica:</subfield>
    <subfield code="h">"vcic". /</subfield>
    <subfield code="c">Presentaci&#xF3;n, Ligia A. Melo de Cardona</subfield>
  </datafield>
  <datafield tag="246" ind1="1" ind2="4">
    <subfield code="a">Quinto congreso interdisciplinario de investigaci&#xF3;n cient&#xED;fica :</subfield>
    <subfield code="b">programa y libro de res&#xFA;menes</subfield>
  </datafield>
  <datafield tag="260" ind1=" " ind2=" ">
    <subfield code="a">Santo Domingo :</subfield>
    <subfield code="b">SEESyT,</subfield>
    <subfield code="c">2009</subfield>
  </datafield>
  <datafield tag="300" ind1=" " ind2=" ">
    <subfield code="a">73 p. ;</subfield>
    <subfield code="c">28 cm.</subfield>
  </datafield>
  <datafield tag="590" ind1=" " ind2=" ">
    <subfield code="a">Inventariado, 2019/BT</subfield>
  </datafield>
  <datafield tag="650" ind1=" " ind2="4">
    <subfield code="a">Investigaciones cient&#xED;fica</subfield>
    <subfield code="x">Congresos, confeencias, etc.</subfield>
    <subfield code="9">75901</subfield>
  </datafield>
  <datafield tag="700" ind1=" " ind2="2">
    <subfield code="9">27174</subfield>
    <subfield code="a">Melo de Cardona, Ligia Amada</subfield>
    <subfield code="e">present.</subfield>
  </datafield>
  <datafield tag="710" ind1="2" ind2=" ">
    <subfield code="a">Ministerio de Educaci&#xF3;n Superior Ciencia y Tecnolog&#xED;a (Rep&#xFA;blica Dominicana).</subfield>
    <subfield code="9">56809</subfield>
  </datafield>
  <datafield tag="942" ind1=" " ind2=" ">
    <subfield code="2">ddc</subfield>
    <subfield code="c">LBS1</subfield>
  </datafield>
  <datafield tag="952" ind1=" " ind2=" ">
    <subfield code="0">0</subfield>
    <subfield code="1">0</subfield>
    <subfield code="2">ddc</subfield>
    <subfield code="5">1</subfield>
    <subfield code="7">0</subfield>
    <subfield code="8">PD</subfield>
    <subfield code="a">BNPHU</subfield>
    <subfield code="b">BNPHU</subfield>
    <subfield code="c">HD</subfield>
    <subfield code="d">2019-03-22</subfield>
    <subfield code="o">001.42 C749q</subfield>
    <subfield code="p">48480-10</subfield>
    <subfield code="r">2020-06-25</subfield>
    <subfield code="w">2020-06-25</subfield>
    <subfield code="y">LBS1</subfield>
  </datafield>
  <datafield tag="952" ind1=" " ind2=" ">
    <subfield code="0">0</subfield>
    <subfield code="1">0</subfield>
    <subfield code="2">ddc</subfield>
    <subfield code="5">1</subfield>
    <subfield code="7">0</subfield>
    <subfield code="8">PD</subfield>
    <subfield code="a">BNPHU</subfield>
    <subfield code="b">BNPHU</subfield>
    <subfield code="c">HD</subfield>
    <subfield code="d">2023-02-03</subfield>
    <subfield code="o">001.42 C749q</subfield>
    <subfield code="p">2023-0659</subfield>
    <subfield code="r">2023-02-03</subfield>
    <subfield code="t">e.2</subfield>
    <subfield code="w">2023-02-03</subfield>
    <subfield code="y">LBS1</subfield>
  </datafield>
  <datafield tag="999" ind1=" " ind2=" ">
    <subfield code="c">47968</subfield>
    <subfield code="d">47968</subfield>
  </datafield>
</record>
